Литейные машины. Средства контроля: каталог; Выпуск 10

Detalles Bibliográficos
Corporate Authors: Министерство станкостроительной и инструментальной промышленности, Научно-исследовательский институт информации по машиностроению (НИИМАШ)
Outros autores: Тарский В. Л. (редактор)
Summary:Исключено из фонда НТБ ТПУ
Idioma:ruso
Publicado: Москва, НИИМАШ, 1970
Formato: MixedMaterials Libro
KOHA link:https://koha.lib.tpu.ru/cgi-bin/koha/opac-detail.pl?biblionumber=120025

MARC

LEADER 00000nam0a2200000 4500
001 120025
005 20231101215558.0
035 |a (RuTPU)RU\TPU\book\129946 
035 |a RU\TPU\book\129937 
090 |a 120025 
100 |a 20070816d1970 k y0rusy50 ca 
101 0 |a rus 
102 |a RU 
105 |a a b 000zy 
200 1 |a Литейные машины. Средства контроля  |e каталог  |f Министерство станкостроительной и инструментальной промышленности; Научно-исследовательский институт информации по машиностроению (НИИМАШ); под ред. В. Л. Тарского  |h Выпуск 10 
210 |a Москва  |c НИИМАШ  |d 1970 
215 |a 52 с.  |c ил. 
333 |a Исключено из фонда НТБ ТПУ 
702 1 |a Тарский  |b В. Л.  |4 340 
712 0 2 |a Министерство станкостроительной и инструментальной промышленности  |9 24792 
712 0 2 |a Научно-исследовательский институт информации по машиностроению (НИИМАШ) 
801 1 |a RU  |b 63413507  |c 20070815  |g PSBO 
801 2 |a RU  |b 63413507  |c 20220617  |g PSBO 
942 |c BK